[Event "Gourmets of the King's Gambit "]
[Site "SchemingMind.com"]
[Date "2008.06.09"]
[Round "-"]
[White "matizccc"]
[Black "Geoffrey Rosser"]
[Result "0-1"]
[WhiteCountry "ROU"]
[BlackCountry "ENG"]
[WhiteElo "1678"]
[WhiteRD "66"]
[BlackElo "1798"]
[BlackRD "71"]
[GameID "158353"]

1. e4 e5 2. f4 exf4 3. Nh3 Qh4+ 4. Nf2 Nf6 5. Qf3 d6 6. Be2 Nc6 7. d3 Nd4 8. Qxf4 Qxf4 9. Bxf4 Nxc2+ 10. Kd2 Nxa1
11. Nc3 Nb3+ 12. axb3 Bd7 13. d4 O-O-O 14. d5 g6 15. e5 dxe5 16. Bxe5 Bg7 17. Bxf6 Bxf6 18. Rc1 Bg5+ 19. Kd1 Bxc1 20. Kxc1 Rhe8
21. Bc4 Bf5 22. g4 Bd7 23. Kd2 f5 24. gxf5 Bxf5 25. Bd3 Bxd3 26. Nxd3 Re7 27. b4 g5 28. Nf2 c6 29. Nfe4 h6 30. d6 Red7
31. Ke3 Rxd6 32. Nxd6+ Rxd6 33. b3 Kd7 34. b5 Re6+ 35. Kf2 cxb5 36. Nxb5 Rb6 37. Nd4 Kd6 38. Ke2 Kd5 39. Nf5 Ke5 40. Ne3 Rxb3
0-1

[Event "Gourmets of the King's Gambit "]
[Site "SchemingMind.com"]
[Date "2008.06.07"]
[Round "-"]
[White "lemmie"]
[Black "Geoffrey Rosser"]
[Result "1-0"]
[WhiteCountry "NED"]
[BlackCountry "ENG"]
[WhiteElo "1755"]
[WhiteRD "56"]
[BlackElo "1775"]
[BlackRD "74"]
[GameID "158354"]

1. e4 e5 2. f4 exf4 3. Nf3 h6 4. d4 g5 5. Bc4 d6 6. O-O Be6 7. Qd3 Bg7 8. Bxe6 fxe6 9. Qb5+ Nc6 10. d5 a6
11. Qxb7 Nd4 12. c3 Ne2+ 13. Kh1 g4 14. Qc6+ Ke7 15. Nh4 Kf6 16. Bxf4 Nxf4 17. Rxf4+ Kg5 18. g3 Ne7 19. Qc4 Be5 20. Rf7 Rf8
21. dxe6 Rxf7 22. exf7 d5 23. exd5 Qxd5+ 24. Qxd5 Nxd5 25. Nd2 Kf6 26. Rf1+ Ke7 27. Ng6+
1-0

[Event "Gourmets of the King's Gambit "]
[Site "SchemingMind.com"]
[Date "2008.06.07"]
[Round "-"]
[White "Francisco Aquino"]
[Black "Geoffrey Rosser"]
[Result "0-1"]
[WhiteCountry "BRA"]
[BlackCountry "ENG"]
[WhiteElo "1681"]
[WhiteRD "68"]
[BlackElo "1798"]
[BlackRD "71"]
[GameID "158355"]

1. e4 e5 2. f4 d5 3. exd5 exf4 4. Nc3 Nf6 5. Bb5+ Nbd7 6. Nf3 Bc5 7. d4 Bb4 8. Bxf4 O-O 9. O-O Nb6 10. Ne2 Nbxd5
11. Bg5 c6 12. Bc4 Re8 13. c3 Be7 14. Ne5 h6 15. Bh4 Be6 16. Bd3 Ne3 17. Qd2 Nxf1 18. Rxf1 Ng4 19. Bxe7 Rxe7 20. Nxg4 Bxg4
21. Ng3 Qd5 22. c4 Qxd4+ 23. Rf2 Rd8 24. h3 Qxd3 25. Qf4 Re1+ 26. Kh2 Be6 27. b3 Re3 28. Nh5 Rxh3+ 29. gxh3 Qxh3+ 30. Kg1 Rd1+
0-1

[Event "Gourmets of the King's Gambit "]
[Site "SchemingMind.com"]
[Date "2008.06.10"]
[Round "-"]
[White "vinz"]
[Black "Raimondi"]
[Result "1-0"]
[WhiteCountry "FRA"]
[BlackCountry "PER"]
[WhiteElo "1746"]
[WhiteRD "97"]
[BlackElo "1670"]
[BlackRD "63"]
[GameID "158724"]

1. e4 e5 2. f4 exf4 3. Nf3 g5 4. h4 g4 5. Ne5 Bg7 6. Nxg4 d5 7. Nc3 Nf6 8. Nxf6+ Bxf6 9. Qh5 d4 10. Ne2 d3
11. Nxf4 dxc2 12. Bc4 Qe7 13. d3 Nc6 14. Nd5 Qe5 15. Nxf6+ Qxf6 16. Rf1 Qd6 17. Bxf7+ Kd8 18. Rf3 Ne5 19. Bg5+ Kd7 20. Rc1 Qb4+
21. Ke2 Nxf3 22. Qg4+ Kc6 23. Rxc2+ Kb6 24. Qxf3 Bd7 25. a3 Qa4 26. Be3+ Ka6 27. Rc4 Qb5 28. Rb4 Qe5 29. Bd4
1-0

[Event "Gourmets of the King's Gambit "]
[Site "SchemingMind.com"]
[Date "2008.06.14"]
[Round "-"]
[White "vinz"]
[Black "Geoffrey Rosser"]
[Result "0-1"]
[WhiteCountry "FRA"]
[BlackCountry "ENG"]
[WhiteElo "1746"]
[WhiteRD "97"]
[BlackElo "1798"]
[BlackRD "71"]
[GameID "158725"]

1. e4 e5 2. f4 exf4 3. Nf3 h6 4. d4 g5 5. h3 d6 6. c4 Nf6 7. Nc3 Bg7 8. b3 Nh5 9. Bb2 Ng3 10. Rg1 O-O
11. Qc2 Nc6 12. O-O-O Nxf1 13. Rgxf1 Bd7 14. Ne2 Nb4 15. Qb1 a5 16. a3 Na6 17. h4 f5 18. hxg5 hxg5 19. Nd2 fxe4 20. Qxe4 c6
21. Rh1 Bf5 22. Qf3 Qf6 23. c5 d5 24. Qh5 Nxc5 25. Nc3 Nd3+ 26. Kb1 Nf2+ 27. Ka2 Nxd1 28. Nxd1 Qg6 29. Qh2 g4 30. Ka1 Bc2
31. Nc3 Bxd4 32. Ne2 g3 33. Qh4 Bf6 34. Nxf4 Bxh4 35. Nxg6 Bxg6 36. Rxh4 Rae8 37. Nf3 Rf5 38. Rg4 Kh7 39. Ng5+ Kh6 40. Bc1 Re1
41. Nf3+ Rxc1+
0-1

[Event "Gourmets of the King's Gambit "]
[Site "SchemingMind.com"]
[Date "2008.06.10"]
[Round "-"]
[White "vinz"]
[Black "Clive Everill"]
[Result "1/2-1/2"]
[WhiteCountry "FRA"]
[BlackCountry "CZE"]
[WhiteElo "1746"]
[WhiteRD "97"]
[BlackElo "1729"]
[BlackRD "48"]
[GameID "158726"]

1. e4 e5 2. f4 exf4 3. Nf3 d6 4. d4 g5 5. Bc4 Be6 6. d5 Bg4 7. O-O Bg7 8. Nc3 Nd7 9. Qe1 Qe7 10. Nb5 Nc5
11. Bd2 a6 12. Nbd4 Nf6 13. Nxg5 Nfxe4 14. Nxe4 Bxd4+ 15. Kh1 f3 16. Bg5 Qxe4 17. gxf3 Bxf3+ 18. Rxf3 Kf8 19. Qxe4 Nxe4 20. Rf4 Nxg5
21. Rxd4 Re8 22. Rf1 Ne4 23. Rd3 Rg8 24. Rdd1 Rg7 25. Bd3 Nc5 26. Rd2 Nxd3 27. Rxd3 Re2 28. Rc1 Rgg2 29. Rc3 Rxh2+ 30. Kg1 Reg2+
31. Kf1 Rd2 32. Kg1 Rhe2=
1/2-1/2

[Event "Gourmets of the King's Gambit "]
[Site "SchemingMind.com"]
[Date "2008.06.10"]
[Round "-"]
[White "vinz"]
[Black "matizccc"]
[Result "0-1"]
[WhiteCountry "FRA"]
[BlackCountry "ROU"]
[WhiteElo "1746"]
[WhiteRD "97"]
[BlackElo "1678"]
[BlackRD "66"]
[GameID "158727"]

1. e4 e5 2. f4 exf4 3. Nf3 Nf6 4. d4 Nxe4 5. Bxf4 d5 6. Nc3 Nxc3 7. bxc3 Be7 8. Bd3 Bg4 9. O-O O-O 10. Qd2 c6
11. Rae1 c5 12. Rxe7 Qxe7 13. Ng5 h6 14. Nf3 c4 15. h3 Bxf3 16. Rxf3 cxd3 17. Rg3 Qe2 18. Rxg7+ Kxg7 19. Bxh6+ Kh7
0-1

[Event "Gourmets of the King's Gambit "]
[Site "SchemingMind.com"]
[Date "2008.06.09"]
[Round "-"]
[White "vinz"]
[Black "lemmie"]
[Result "0-1"]
[WhiteCountry "FRA"]
[BlackCountry "NED"]
[WhiteElo "1927"]
[WhiteRD "115"]
[BlackElo "1755"]
[BlackRD "56"]
[GameID "158728"]

1. e4 e5 2. f4 exf4 3. Nf3 g5 4. h4 g4 5. Ne5 Nc6 6. Nxg4 Be7 7. Bc4 Bxh4+ 8. Kf1 Qg5 9. Qf3 d5 10. Be2 Nd4
11. Qh3 Bg3 12. Qh5 Qxh5 13. Rxh5 Nxe2 14. Re5+ Kf8 15. Rg5 Bxg4 16. Rxg4 Nf6
0-1

[Event "Gourmets of the King's Gambit "]
[Site "SchemingMind.com"]
[Date "2008.06.09"]
[Round "-"]
[White "vinz"]
[Black "Francisco Aquino"]
[Result "1-0"]
[WhiteCountry "FRA"]
[BlackCountry "BRA"]
[WhiteElo "1927"]
[WhiteRD "115"]
[BlackElo "1692"]
[BlackRD "67"]
[GameID "158729"]

1. e4 e5 2. f4 Nc6 3. Nf3 exf4 4. d4 Nf6 5. Nc3 Bb4 6. Bd3 O-O 7. Bxf4 d5 8. e5 Ne4 9. O-O Nxc3 10. bxc3 Bxc3
11. Bxh7+ Kh8 12. Ng5 Bxd4+ 13. Kh1 g6 14. h3 Bxa1 15. Qe1 Bxe5 16. Qh4 Kg7 17. Ne6+ Bxe6 18. Qh6+
1-0

[Event "Gourmets of the King's Gambit "]
[Site "SchemingMind.com"]
[Date "2008.06.09"]
[Round "-"]
[White "Raimondi"]
[Black "vinz"]
[Result "0-1"]
[WhiteCountry "PER"]
[BlackCountry "FRA"]
[WhiteElo "1689"]
[WhiteRD "61"]
[BlackElo "1927"]
[BlackRD "115"]
[GameID "158730"]

1. e4 e5 2. f4 exf4 3. Nf3 d5 4. exd5 Nf6 5. Bc4 c6 6. O-O cxd5 7. Bb3 Be7 8. d4 Qc7 9. Ne5 O-O 10. Bxf4 Bd6
11. Nd3 Nc6 12. Bxd6 Qxd6 13. Qf3 Nxd4 14. Qf2 Ng4 15. Qh4 Qg6 16. Nc3 Ne3 17. Rf2 Nf3+
0-1

[Event "Gourmets of the King's Gambit "]
[Site "SchemingMind.com"]
[Date "2008.06.14"]
[Round "-"]
[White "Geoffrey Rosser"]
[Black "vinz"]
[Result "0-1"]
[WhiteCountry "ENG"]
[BlackCountry "FRA"]
[WhiteElo "1775"]
[WhiteRD "74"]
[BlackElo "1927"]
[BlackRD "115"]
[GameID "158731"]

1. e4 e5 2. f4 exf4 3. Bc4 Qh4+ 4. Kf1 Nf6 5. Nf3 Qh5 6. d3 g5 7. Nc3 Bc5 8. Bd2 d6 9. d4 Bb6 10. e5 g4
11. exf6 gxf3 12. Qe1+ Be6 13. Bd5 fxg2+ 14. Bxg2 f3 15. Rg1 fxg2+ 16. Rxg2 Bxd4 17. Be3 Nc6
0-1

[Event "Gourmets of the King's Gambit "]
[Site "SchemingMind.com"]
[Date "2008.06.10"]
[Round "-"]
[White "Clive Everill"]
[Black "vinz"]
[Result "1-0"]
[WhiteCountry "CZE"]
[BlackCountry "FRA"]
[WhiteElo "1729"]
[WhiteRD "48"]
[BlackElo "1746"]
[BlackRD "97"]
[GameID "158732"]

1. e4 e5 2. f4 exf4 3. Nf3 d5 4. e5 Nc6 5. Bb5 Bd7 6. d4 Nge7 7. Bxf4 Ng6 8. Bg3 Qe7 9. O-O Qb4 10. Bxc6 Bxc6
11. b3 O-O-O 12. c3 Qb6 13. Bf2 Re8 14. Ng5 f6 15. Nf7 Rg8 16. Kh1 Re7 17. Qh5 Rxf7 18. Qxh7 Ne7 19. e6 Be8 20. exf7 Bxf7
21. Nd2 Ng6 22. Qh3+ Kb8 23. Bg3 Rh8 24. Qd7 Be6 25. Qe8+ Bc8 26. Qxg6 Bd6 27. Qxg7 Rh5 28. Rxf6
1-0

[Event "Gourmets of the King's Gambit "]
[Site "SchemingMind.com"]
[Date "2008.06.11"]
[Round "-"]
[White "matizccc"]
[Black "vinz"]
[Result "1/2-1/2"]
[WhiteCountry "ROU"]
[BlackCountry "FRA"]
[WhiteElo "1656"]
[WhiteRD "66"]
[BlackElo "1697"]
[BlackRD "92"]
[GameID "158733"]

1. e4 e5 2. f4 d5 3. exd5 e4 4. Nc3 Nf6 5. Bc4 c6 6. dxc6 Nxc6 7. Nge2 Bf5 8. O-O Bc5+ 9. Kh1 O-O 10. d3 Re8
11. Ng3 Bg4 12. Qd2 e3 13. Qe1 Nd4 14. Bxe3 Nxc2 15. Bxc5 Nxe1 16. Rfxe1 Rxe1+ 17. Rxe1 a6 18. f5 b5 19. Bb3 Qxd3 20. Re7 Bxf5
21. Re3 Qd7 22. Re7 Qc6 23. Bxf7+ Kh8 24. b4 Qc8 25. Nd5 Nxd5 26. Bxd5 Rb8 27. Nh5 Qd8 28. Nf4 Rc8 29. Re1 Rxc5 30. bxc5 g5
31. Re5 Qf8 32. Ne2 Bd3 33. Ng1 Qxc5 34. Rxg5 h6 35. Rg8+ Kh7 36. Be6 Bc4 37. Rc8 Qb4 38. Rc7+ Kh8 39. Rc6 Bxe6 40. Rxe6 Qa3
41. Re2 b4 42. Nf3 Qc3 43. Kg1 a5 44. Kf2 a4 45. Re8+ Kg7 46. Re7+ Kf6 47. Rd7 b3 48. axb3 axb3 49. Rd6+ Ke7 50. Rd2 b2
51. Re2+ Kf6 52. Nd2 Qxd2 53. Rxd2 b1=Q 54. Re2 Kf5 55. h3 h5 56. g4+ hxg4 57. hxg4+ Kxg4 58. Re3 Qc2+ 59. Re2 Qc5+ 60. Kg2 Qd5+
61. Kf1 Kf3 62. Rf2+ Kg3 63. Ke1 Qe5+ 64. Re2 Qc3+ 65. Kd1 Kf3 66. Rf2+ Ke3 67. Rf3+ Kxf3
1/2-1/2

[Event "Gourmets of the King's Gambit "]
[Site "SchemingMind.com"]
[Date "2008.06.09"]
[Round "-"]
[White "lemmie"]
[Black "vinz"]
[Result "1-0"]
[WhiteCountry "NED"]
[BlackCountry "FRA"]
[WhiteElo "1745"]
[WhiteRD "51"]
[BlackElo "1746"]
[BlackRD "97"]
[GameID "158734"]

1. e4 e5 2. f4 exf4 3. Nf3 d5 4. exd5 Nf6 5. Bb5+ c6 6. dxc6 Nxc6 7. Nc3 Bd6 8. Qe2+ Be6 9. O-O O-O 10. d3 Re8
11. Bxc6 bxc6 12. Kh1 Bd5 13. Qd1 Qb6 14. Nxd5 Nxd5 15. Ng5 Re5 16. Qh5 Nf6 17. Qxf7+ Kh8 18. Bxf4 Re7 19. Qc4 Bxf4 20. Rxf4 Qc7
21. Raf1 Rae8 22. Ne4 Qb8 23. b3 Qe5 24. Nxf6 gxf6 25. h3 Rg7 26. Rxf6 Qb8 27. Qc5 Rgg8 28. Qc3 Rg7 29. Rf7 Rg8 30. Rxg7 Rxg7
31. Rf7
1-0

[Event "Gourmets of the King's Gambit "]
[Site "SchemingMind.com"]
[Date "2008.06.09"]
[Round "-"]
[White "Francisco Aquino"]
[Black "vinz"]
[Result "0-1"]
[WhiteCountry "BRA"]
[BlackCountry "FRA"]
[WhiteElo "1692"]
[WhiteRD "67"]
[BlackElo "1927"]
[BlackRD "115"]
[GameID "158735"]

1. e4 e5 2. f4 d5 3. exd5 e4 4. Nc3 Nf6 5. Bb5+ c6 6. dxc6 Nxc6 7. Bxc6+ bxc6 8. Qe2 Bf5 9. d3 Bb4 10. dxe4 Nxe4
11. Bd2 Bxc3 12. Bxc3 O-O 13. Nf3 Re8 14. O-O Nxc3 15. Qc4 Nd5 16. Ne5 Qf6 17. Nxc6 Ne3
0-1

[Event "Gourmets of the King's Gambit "]
[Site "SchemingMind.com"]
[Date "2008.06.11"]
[Round "-"]
[White "saxondom"]
[Black "Raimondi"]
[Result "0-1"]
[WhiteCountry "HUN"]
[BlackCountry "PER"]
[WhiteElo "1381"]
[WhiteRD "83"]
[BlackElo "1670"]
[BlackRD "63"]
[GameID "158943"]

1. e4 e5 2. f4 exf4 3. Bc4 Nf6 4. Nc3 c6 5. d4 Bb4 6. e5 Ne4 7. Qe2 Nxc3 8. bxc3 Bxc3+ 9. Bd2 Bxa1 10. Bxf4 Bxd4
11. Nf3 Bc5 12. Ng5 O-O 13. Rf1 h6 14. Bxf7+ Kh8 15. Qe4 hxg5 16. Be3 Bxe3 17. Qxe3 d6 18. Bg6 Rxf1+ 19. Kxf1 dxe5 20. Qxe5 Qf6+
21. Qxf6 gxf6 22. h3 Na6 23. g4 Be6 24. Kf2 Bxa2 25. Kg3 Rd8 26. h4 Bb1 27. h5 Kg7 28. Bf5 Nb4
0-1

[Event "Gourmets of the King's Gambit "]
[Site "SchemingMind.com"]
[Date "2008.06.14"]
[Round "-"]
[White "saxondom"]
[Black "Geoffrey Rosser"]
[Result "0-1"]
[WhiteCountry "HUN"]
[BlackCountry "ENG"]
[WhiteElo "1354"]
[WhiteRD "83"]
[BlackElo "1799"]
[BlackRD "73"]
[GameID "158944"]

1. e4 e5 2. f4 exf4 3. Nf3 h6 4. Bc4 d6 5. O-O Nf6 6. Nc3 Be6 7. d4 Bxc4 8. Re1 Be7 9. Bxf4 O-O 10. b3 Be6
11. d5 Bg4 12. Qd4 Bxf3 13. gxf3 Nh5 14. Be3 Bf6 15. Qa4 Be5 16. Bd2 Nf4 17. Qc4 Qg5+ 18. Kf2 Qh4+ 19. Ke3 Ng2+ 20. Kd3 Nxe1+
21. Bxe1 Qf4 22. Bg3 Qxf3+ 23. Kd2 Bxc3+ 24. Qxc3 Qxc3+ 25. Kxc3 Nd7 26. a4 Rae8 27. e5 dxe5 28. Re1 f5 29. Kc4 f4 30. Bf2 e4
31. b4 e3 32. Bxe3 Rxe3 33. Rd1 f3 34. b5 f2 35. Kd4 Re1
0-1

[Event "Gourmets of the King's Gambit "]
[Site "SchemingMind.com"]
[Date "2008.06.11"]
[Round "-"]
[White "saxondom"]
[Black "Clive Everill"]
[Result "0-1"]
[WhiteCountry "HUN"]
[BlackCountry "CZE"]
[WhiteElo "1354"]
[WhiteRD "83"]
[BlackElo "1719"]
[BlackRD "48"]
[GameID "158945"]

1. e4 e5 2. f4 exf4 3. Nf3 d6 4. d4 g5 5. h4 g4 6. Ng1 Nf6 7. Bb5+ Bd7 8. Bxf4 Bxb5 9. Ne2 Nxe4 10. Nd2 Nxd2
11. Qxd2 Nd7 12. a4 Ba6 13. O-O Qe7 14. Bg5 f6 15. Rf4 O-O-O 16. Bxf6 Nxf6 17. Ng3 Bh6 18. Nf5 Qf8 19. Nxh6 Qxh6 20. Qf2 Rhf8
21. g3 Nd5 22. Rf1 Nxf4 23. gxf4 Bxf1 24. Qxf1 Rxf4 25. Qc1 Rdf8 26. c3 Qxh4 27. Qe3 Rf1+ 28. Kg2 R8f2+
0-1

[Event "Gourmets of the King's Gambit "]
[Site "SchemingMind.com"]
[Date "2008.06.14"]
[Round "-"]
[White "saxondom"]
[Black "matizccc"]
[Result "0-1"]
[WhiteCountry "HUN"]
[BlackCountry "ROU"]
[WhiteElo "1381"]
[WhiteRD "83"]
[BlackElo "1678"]
[BlackRD "66"]
[GameID "158946"]

1. e4 e5 2. f4 Bc5 3. Nf3 Nh6 4. Bc4 exf4 5. d4 Bb6 6. O-O Nc6 7. Bxf4 Ng4 8. Kh1 O-O 9. Nc3 d6 10. h3 Nf6
11. e5 dxe5 12. dxe5 Nh5 13. Qxd8 Nxd8 14. Ne2 Be6 15. b3 Bxc4 16. g3 Bxe2 17. Rfe1 Bxf3+ 18. Kh2 Nxf4 19. gxf4 Ne6 20. f5 Nd4
21. Rac1 Nxf5 22. c4 Bf2 23. Rf1 Bg3+ 24. Kg1 Be4 25. c5 Bd3 26. Rxf5 Bxf5 27. b4 Bxe5 28. b5 c6
0-1

[Event "Gourmets of the King's Gambit "]
[Site "SchemingMind.com"]
[Date "2008.06.11"]
[Round "-"]
[White "saxondom"]
[Black "lemmie"]
[Result "0-1"]
[WhiteCountry "HUN"]
[BlackCountry "NED"]
[WhiteElo "1381"]
[WhiteRD "83"]
[BlackElo "1745"]
[BlackRD "51"]
[GameID "158947"]

1. e4 e5 2. f4 exf4 3. Nf3 g5 4. Bc4 g4 5. O-O gxf3 6. Qxf3 Qf6 7. d3 Bh6 8. Bxf4 d6 9. Nc3 Bxf4 10. Qxf4 Qxf4
11. Rxf4 Be6 12. Nb5 Na6 13. g4 Ne7 14. Nd4 Ng6 15. Bb5+ c6 16. Rf6 cxb5 17. Nxb5 Ke7 18. Raf1 Rhf8 19. c4 Nc5 20. b3 Nxd3
21. Nc7 Rac8 22. Nb5 a6 23. R6f3 axb5 24. cxb5 Nde5 25. Rg3 Rc2 26. Rf2 Rxf2 27. Kxf2 Nxg4+ 28. Kf3 N6e5+ 29. Kg2 h5 30. h3 Nf6
31. a4 Nxe4 32. Re3 Nc5 33. a5 Nxb3 34. a6 bxa6 35. bxa6 Ra8 36. h4 Rxa6 37. Kg3 Ng4 38. Kf4 Ra5
0-1

[Event "Gourmets of the King's Gambit "]
[Site "SchemingMind.com"]
[Date "2008.06.11"]
[Round "-"]
[White "saxondom"]
[Black "Francisco Aquino"]
[Result "0-1"]
[WhiteCountry "HUN"]
[BlackCountry "BRA"]
[WhiteElo "1381"]
[WhiteRD "83"]
[BlackElo "1681"]
[BlackRD "68"]
[GameID "158948"]

1. e4 e5 2. f4 Nc6 3. Nf3 exf4 4. d4 d5 5. exd5 Qxd5 6. Nc3 Bb4 7. Qe2+ Nge7 8. a3 Bxc3+ 9. bxc3 Bg4 10. Bxf4 Bxf3
11. gxf3 O-O-O 12. Bh3+ f5 13. Rg1 g6 14. c4 Qxd4 15. Qe6+ Kb8 16. Be3 Qxa1+ 17. Kf2 Qxa3 18. Bf1 Qd6 19. Qf7 Qxh2+ 20. Rg2 Qh4+
21. Rg3 Rhf8 22. Bg5 Qxg3+ 23. Kxg3 Rxf7 24. Bxe7 Rxe7
0-1

[Event "Gourmets of the King's Gambit "]
[Site "SchemingMind.com"]
[Date "2008.06.12"]
[Round "-"]
[White "saxondom"]
[Black "vinz"]
[Result "0-1"]
[WhiteCountry "HUN"]
[BlackCountry "FRA"]
[WhiteElo "1381"]
[WhiteRD "83"]
[BlackElo "1746"]
[BlackRD "97"]
[GameID "158949"]

1. e4 e5 2. f4 exf4 3. Nf3 d5 4. exd5 c6 5. Nc3 Nf6 6. dxc6 Nxc6 7. Bb5 Bc5 8. Qe2+ Be6 9. Ne5 O-O 10. Na4 Nd4
11. Qd1 Nxb5 12. d3 Qd4 13. Qe2 Rfe8 14. Bd2 Bg4 15. Nf3 Rxe2+ 16. Kxe2 Qf2+ 17. Kd1 Bxf3+ 18. Kc1 Bg4 19. Nxc5 Qxc5 20. h3 Rc8
21. c3 Bf5 22. Bxf4 Nxc3 23. Bd2 Nce4+ 24. Kd1 Qc2+ 25. Ke1 Qxd2+ 26. Kf1 Qf2#
0-1

[Event "Gourmets of the King's Gambit "]
[Site "SchemingMind.com"]
[Date "2008.06.11"]
[Round "-"]
[White "Raimondi"]
[Black "saxondom"]
[Result "1-0"]
[WhiteCountry "PER"]
[BlackCountry "HUN"]
[WhiteElo "1670"]
[WhiteRD "63"]
[BlackElo "1381"]
[BlackRD "83"]
[GameID "158950"]

1. e4 e5 2. f4 exf4 3. Nf3 Be7 4. Nc3 Bh4+ 5. Ke2 d6 6. d4 c5 7. Bxf4 Bg4 8. Qd3 Ne7 9. Kd2 Qa5 10. h3 O-O
11. hxg4 Bf6 12. Rd1 Rd8 13. Kc1 Ng6 14. Be3 Nc6 15. Nd5 b5 16. Nxf6+ gxf6 17. Qxb5 Qxb5 18. Bxb5 Nb4 19. a3 Na2+ 20. Kb1 Nc3+
21. bxc3 Rab8 22. a4 a6 23. c4 axb5 24. axb5 Ne7 25. Kb2 Nc8 26. dxc5 Kg7 27. Bf4 Na7 28. cxd6 Nc6 29. Ra1 Nb4 30. Kb3 Kg6
31. Kxb4 Rh8 32. Nd4 Rhe8 33. Nf5 Rxe4 34. Rh6#
1-0

[Event "Gourmets of the King's Gambit "]
[Site "SchemingMind.com"]
[Date "2008.06.14"]
[Round "-"]
[White "Geoffrey Rosser"]
[Black "saxondom"]
[Result "1-0"]
[WhiteCountry "ENG"]
[BlackCountry "HUN"]
[WhiteElo "1798"]
[WhiteRD "71"]
[BlackElo "1381"]
[BlackRD "83"]
[GameID "158951"]

1. e4 e5 2. f4 exf4 3. Bc4 Qh4+ 4. Kf1 b5 5. Bxb5 Bc5 6. d4 Bd6 7. Nf3 Nf6 8. Nxh4 O-O 9. e5 Ba6 10. Bxa6 Nd5
11. Bb7 Nb6 12. exd6 cxd6 13. Bxa8 Nxa8 14. Nf5 g6 15. Nxd6 Nc6 16. Bxf4 Nb6 17. Bh6 Rb8 18. Qf3 Nxd4 19. Qxf7+ Kh8 20. Qg7#
1-0

[Event "Gourmets of the King's Gambit "]
[Site "SchemingMind.com"]
[Date "2008.06.11"]
[Round "-"]
[White "Clive Everill"]
[Black "saxondom"]
[Result "1-0"]
[WhiteCountry "CZE"]
[BlackCountry "HUN"]
[WhiteElo "1719"]
[WhiteRD "48"]
[BlackElo "1354"]
[BlackRD "83"]
[GameID "158952"]

1. e4 e5 2. f4 exf4 3. Nf3 g5 4. h4 gxh4 5. Nxh4 d5 6. Nc3 Qe7 7. Qf3 Nf6 8. d3 Bg4 9. Qxf4 Nbd7 10. Bd2 dxe4
11. Nxe4 Nh5 12. Qxg4 Nhf6 13. Qf4 O-O-O 14. O-O-O Nh5 15. Qg4 Nf6 16. Nxf6 Qxf6 17. Be2 Kb8 18. Bg5 Bh6 19. Bxh6 Qxh6+ 20. Kb1 Ne5
21. Qb4 Nc6 22. Qg4 Rd4 23. Nf5 a6 24. Nxh6 Rxg4 25. Bxg4 Nd4 26. Nxf7 Rf8 27. Rxh7 b5 28. Rh8 Rxh8 29. Nxh8 c5 30. Re1 Ka7
31. Re7+ Kb6 32. Nf7 Nc6 33. Re6
1-0

[Event "Gourmets of the King's Gambit "]
[Site "SchemingMind.com"]
[Date "2008.06.13"]
[Round "-"]
[White "matizccc"]
[Black "saxondom"]
[Result "1-0"]
[WhiteCountry "ROU"]
[BlackCountry "HUN"]
[WhiteElo "1656"]
[WhiteRD "66"]
[BlackElo "1354"]
[BlackRD "83"]
[GameID "158953"]

1. e4 e5 2. f4 exf4 3. Nh3 g5 4. Bc4 Qe7 5. O-O Qc5+ 6. Nf2 Qxc4 7. d3 Qd4 8. Nc3 d6 9. Nb5 Qb6 10. c3 Qxb5
11. c4 Qc6 12. b3 Nf6 13. Re1 Be6 14. d4 g4 15. d5 Qd7 16. dxe6 fxe6 17. Bxf4 c5 18. e5 dxe5 19. Bxe5 Qxd1 20. Raxd1 Ke7
21. Bxf6+ Kxf6 22. Nxg4+ Ke7 23. Ne5 Nc6 24. Rd7+ Ke8 25. Rxb7 Bh6 26. Nxc6 Bd2 27. Rxe6+ Kf8 28. Rd6 Be3+ 29. Kf1 Rg8 30. Rf6+ Ke8
31. Re6+ Kf8 32. Rxh7 Rg7 33. Rxg7 Kxg7 34. Rxe3 Rf8+ 35. Ke2 a6 36. Rg3+ Kf7 37. Rf3+ Ke8 38. Rxf8+ Kxf8 39. Ke3 Ke8 40. Ke4 Kd7
41. Ne5+ Ke6 42. Nd3 Kf6 43. Nxc5 a5 44. Kd5
1-0

[Event "Gourmets of the King's Gambit "]
[Site "SchemingMind.com"]
[Date "2008.06.11"]
[Round "-"]
[White "lemmie"]
[Black "saxondom"]
[Result "1-0"]
[WhiteCountry "NED"]
[BlackCountry "HUN"]
[WhiteElo "1744"]
[WhiteRD "47"]
[BlackElo "1354"]
[BlackRD "83"]
[GameID "158954"]

1. e4 e5 2. f4 exf4 3. Nf3 Be7 4. Be2 Nf6 5. d3 Bb4+ 6. c3 Bd6 7. Nbd2 O-O 8. Nc4 Ng4 9. Nxd6 cxd6 10. Bxf4 Qf6
11. Nd4 Qxf4 12. Bxg4 Nc6 13. Nf5 Ne5 14. Be2 g6 15. Nxd6 b6 16. Nxc8 Raxc8 17. Qd2 Qh4+ 18. g3 Qh3 19. Qf4 Qg2 20. Rf1 d6
21. d4 Rce8 22. dxe5 dxe5 23. Qf3 Qxf3 24. Rxf3 f5 25. exf5 gxf5 26. O-O-O e4 27. Rf4 Ra8 28. Rdf1 a6 29. Rxf5 Rxf5 30. Rxf5 a5
31. Re5 Rd8 32. Rxe4 Rc8 33. Re5 Kg7 34. h4 Kf6 35. Re3 Rb8 36. Rf3+ Ke5 37. Rf7 Ke4 38. Rxh7 Ke3 39. Re7+ Kf2 40. g4 Kg3
41. h5 b5 42. h6 Kf4 43. h7
1-0

[Event "Gourmets of the King's Gambit "]
[Site "SchemingMind.com"]
[Date "2008.06.11"]
[Round "-"]
[White "Francisco Aquino"]
[Black "saxondom"]
[Result "1-0"]
[WhiteCountry "BRA"]
[BlackCountry "HUN"]
[WhiteElo "1692"]
[WhiteRD "67"]
[BlackElo "1418"]
[BlackRD "84"]
[GameID "158955"]

1. e4 e5 2. f4 exf4 3. Nf3 d6 4. Bc4 h6 5. d4 g5 6. O-O Bg7 7. Nc3 Qe7 8. Re1 Nc6 9. e5 dxe5 10. dxe5 Nxe5
11. Nd5 Qc5+ 12. Kh1 Qxc4 13. Nxe5 Qc5 14. Nd3+ Kd7 15. N3b4 c6 16. Nb6+ Kc7 17. Nxa8+
1-0

[Event "Gourmets of the King's Gambit "]
[Site "SchemingMind.com"]
[Date "2008.06.11"]
[Round "-"]
[White "vinz"]
[Black "saxondom"]
[Result "1-0"]
[WhiteCountry "FRA"]
[BlackCountry "HUN"]
[WhiteElo "1746"]
[WhiteRD "97"]
[BlackElo "1381"]
[BlackRD "83"]
[GameID "158956"]

1. e4 e5 2. f4 exf4 3. Nf3 g5 4. h4 g4 5. Ne5 Bg7 6. d4 Bxe5 7. dxe5 d6 8. Bxf4 Nc6 9. exd6 Qd7 10. e5 h6
11. Nc3 f6 12. Bd3 fxe5 13. Qe2 Qxd6 14. O-O Be6 15. Nb5 Qc5+ 16. Be3 Nd4 17. Bxd4 exd4 18. Qxe6+ Ne7 19. b4 Qc6 20. Qxc6+ Nxc6
21. Nxc7+ Kd7 22. Nxa8 Rxa8 23. Rf7+ Ke6 24. Bc4+ Ke5 25. Re1+ Kd6 26. Re6#
1-0

[Event "Gourmets of the King's Gambit "]
[Site "SchemingMind.com"]
[Date "2008.06.13"]
[Round "-"]
[White "Rotceh"]
[Black "Raimondi"]
[Result "0-1"]
[WhiteCountry "MEX"]
[BlackCountry "PER"]
[WhiteElo "1569"]
[WhiteRD "66"]
[BlackElo "1706"]
[BlackRD "64"]
[GameID "159173"]

1. e4 e5 2. f4 exf4 3. Nf3 d6 4. d4 g5 5. h4 g4 6. Ng1 Bh6 7. Bc4 Nc6 8. Nc3 Bd7 9. a3 Qe7 10. Qd3 O-O-O
11. Bd2 f5 12. O-O-O fxe4 13. Nxe4 Nf6 14. Re1 Rde8 15. Nxf6 Qxf6 16. Bc3 Bf5 17. Qf1 Re7 18. d5 Ne5 19. Bxe5 Rxe5 20. Kb1 Rhe8
21. Rxe5 Qxe5 22. Ne2 Bg7 23. Nc3 Qd4 24. Bb3 Re3 25. Qc4 Qd2 26. Qf1 Bxc3 27. bxc3 Rxc3 28. Qc1 Rxb3+
0-1